Applied Chemistry (Record no. 53149)

MARC details
000 -LEADER
fixed length control field 00555nam a2200181Ia 4500
008 - FIXED-LENGTH DATA ELEMENTS--GENERAL INFORMATION
fixed length control field 220530s9999 xx 000 0 und d
020 ## - INTERNATIONAL STANDARD BOOK NUMBER
International Standard Book Number 9789384336677
041 ## - LANGUAGE CODE
Language code of text/sound track or separate title eng
082 ## - DEWEY DECIMAL CLASSIFICATION NUMBER
Classification number 540.1
Item number BHA
100 ## - MAIN ENTRY--PERSONAL NAME
Personal name Bharati, Avinash V.
9 (RLIN) 59674
245 ## - TITLE STATEMENT
Title Applied Chemistry
Remainder of title First Year Degree Course in Engineerig ( Semester II)
250 ## - EDITION STATEMENT
Edition statement 1
260 ## - PUBLICATION, DISTRIBUTION, ETC. (IMPRINT)
Place of publication, distribution, etc. Nagpur
Name of publisher, distributor, etc. Das Ganu Prakashan
Date of publication, distribution, etc. 2021
300 ## - PHYSICAL DESCRIPTION
Extent XII;202
Other physical details PB
500 ## - GENERAL NOTE
Keywords Das Ganu Prakashan
700 ## - ADDED ENTRY--PERSONAL NAME
Personal name Das Sarma Indrani B. Shrivastava, Seema A. Rawat Seema G.
9 (RLIN) 59675
906 ## - LOCAL DATA ELEMENT F, LDF (RLIN)
a 0
b ALIED
Holdings
Withdrawn status Lost status Damaged status Not for loan Home library Current library Date acquired Vendor Cost, normal purchase price Total Checkouts Total Renewals Full call number Barcode Date last seen Date last checked out Cost, replacement price Bill Date Koha item type Original Barcode Collection code
        Cummins College of Engineering for Women Nagpur Cummins College of Engineering for Women Nagpur 02/02/2022 Complimentary Copy 200.00 10 2 540.1/BHA/ CEWN-CB-96 21/04/2025 07/04/2025 200.00 30/05/2022 Compact Books C00096  
        Cummins College of Engineering for Women Nagpur Cummins College of Engineering for Women Nagpur 03/03/2022 Laxmi Pustakayay & Stationers 200.00 6 3 540.1/BHA/ CEWN-BK-8573 07/06/2024 27/04/2024 160.00 30/05/2022 Books 008573 Allied Science
        Cummins College of Engineering for Women Nagpur Cummins College of Engineering for Women Nagpur 03/03/2022 Laxmi Pustakayay & Stationers 200.00 8 2 540.1/BHA/ CEWN-BK-8574 28/05/2024 23/04/2024 160.00 30/05/2022 Books 008574 Allied Science
        Cummins College of Engineering for Women Nagpur Cummins College of Engineering for Women Nagpur 03/03/2022 Laxmi Pustakayay & Stationers 200.00 10 2 540.1/BHA/ CEWN-BK-8575 02/04/2025 26/03/2025 160.00 30/05/2022 Books 008575 Allied Science
        Cummins College of Engineering for Women Nagpur Cummins College of Engineering for Women Nagpur 03/03/2022 Laxmi Pustakayay & Stationers 200.00 10 3 540.1/BHA/ CEWN-BK-8576 02/01/2026 28/11/2025 160.00 30/05/2022 Books 008576 Allied Science
        Cummins College of Engineering for Women Nagpur Cummins College of Engineering for Women Nagpur 03/03/2022 Laxmi Pustakayay & Stationers 200.00 9 3 540.1/BHA/ CEWN-BK-8577 10/12/2025 08/12/2025 160.00 30/05/2022 Books 008577 Allied Science